Využitie elektronického podpisu pre bezpečnú elektronickú komunikáciu vo vybranej firme diplomová práca

Salvato in:
Dettagli Bibliografici
Autore principale: Lahučký, Milan
Ente Autore: Fakulta hospodárskej informatiky EU. Katedra aplikovanej informatiky
Altri autori: Ondrejková, Anna
Natura: Libro
Lingua:slovacco
Pubblicazione: Bratislava 2011
Tags: Aggiungi Tag
Nessun Tag, puoi essere il primo ad aggiungerne!!

MARC

LEADER 00000nbm a2200000 4500
001 0140914
005 20161109101959.4
041 0 |a slo 
044 |a SK 
245 1 0 |a Využitie elektronického podpisu pre bezpečnú elektronickú komunikáciu vo vybranej firme  |b diplomová práca  |c Milan Lahučký ; školiteľ: Anna Ondrejková 
264 1 |a Bratislava  |c 2011 
300 |a 86 s. 
100 1 |a Lahučký, Milan 
700 1 |a Ondrejková, Anna 
710 2 |a Fakulta hospodárskej informatiky EU. Katedra aplikovanej informatiky